| 000 | 00747nas a2200253 4500 | ||
|---|---|---|---|
| 001 | BR8803617 | ||
| 003 | BR-BrBNA | ||
| 005 | 20231205091157.0 | ||
| 007 | ta | ||
| 008 | 230509b bl.|||p| |||| 00| 00por d | ||
| 040 |
_aBR-BrBNA _bpor _cBiblioteca Nacional de Agricultura |
||
| 041 | _a(Pt) | ||
| 072 | _aF04; F61 | ||
| 100 | 1 | _aRodriguez, O. | |
| 245 | 1 | _aNutricao dos citrus - contribuicoes da pesquisa no IAC [Instituto Agronomico de Campinas] | |
| 650 | _aLARANJA BAIA | ||
| 650 | _aNUTRICAO VEGETAL | ||
| 650 | _aNPK | ||
| 650 | _aESTERCO | ||
| 650 | _aANALISE FOLIAR | ||
| 773 | 0 |
_tLaranja (Brazil) _xISSN 0102-1907 _g(Dec 1987), v. 2(8) p. 481-497 _wBR8803617 |
|
| 909 |
_a202311 _bLúcia _c55 _dLúcia Elande |
||
| 942 |
_2AGRIS _n0 _cANA |
||
| 999 |
_c123351 _d123351 |
||